Multikriteriálna rozhodovacia analýza na základe metód založených na prahoch citlivosti

Výber optimálneho riešenia pre fiktívny podnik, ktorý sa špecializuje na výrobu ekologického paliva pre slovenské domácnosti, priemyselné podniky a kogeneračné jednotky uplatnením multikriteriálnej rozhodovacej analýzy (MCDA) na základe metód založených na prahoch citlivosti. Identifikovaným rozhodo...

Celý popis

Uložené v:
Podrobná bibliografia
Hlavný autor: Szaryszová, Petra, 1984-
Ďalší autori: Štofová, Lenka, 1989-
Médium: Kapitola
Jazyk:Slovak
Predmet:
Tagy: Pridať tag
Žiadne tagy, Buďte prvý, kto otaguje tento záznam!

MARC

LEADER 00000naa$a2200000$$$4500
001 0258086
005 20240502083732.3
041 0 |a slo 
044 |a CZ 
245 1 0 |a Multikriteriálna rozhodovacia analýza na základe metód založených na prahoch citlivosti  |c Petra Szaryszová, Lenka Štofová 
520 |a Výber optimálneho riešenia pre fiktívny podnik, ktorý sa špecializuje na výrobu ekologického paliva pre slovenské domácnosti, priemyselné podniky a kogeneračné jednotky uplatnením multikriteriálnej rozhodovacej analýzy (MCDA) na základe metód založených na prahoch citlivosti. Identifikovaným rozhodovacím problémom vybraného podniku je nepostačujúca výrobná kapacita pre zvýšené odberné objemy odberateľov. 
610 2 0 |a rozhodovanie 
610 2 0 |a analýza rozhodovacia 
610 2 0 |a citlivosť 
100 1 |a Szaryszová, Petra, 1984- 
700 1 |a Štofová, Lenka, 1989-